000 00250nam a2200097Ia 4500
005 20251222114358.0
008 251222s1900||||xx |||||||||||||| ||spa||
082 _aDVD0050/B99/1980
245 0 _aLa guerra de los mundos:The war of the worlds
942 _cDVD
999 _c1529
_d1529